000 00356nam a22001217a 4500
999 _c9577
_d9577
003 OSt
008 201203b ||||| |||| 00| 0 eng d
245 _aBulletin of Materials Science
250 _a2018(Apr Vol.41 No.2, Aug Vol.41 No.4, Oct Vol.41 No.5, Dec Vol.41 No.6)
260 _aBengaluru
_bSpringer
650 _aMechanical Engineering
942 _2ddc
_cBV